|
|
|
|
| LEADER |
00000nab a2200000 a 4500 |
| 001 |
vtls011627015 |
| 003 |
SK-MaSNL |
| 005 |
20260319070849.0 |
| 008 |
170503c20170503xo d| | 00 0|2hun |
| 015 |
|
|
|a SNBRB2017/05
|
| 038 |
|
|
|a DSZK
|
| 040 |
|
|
|a DSZK
|b slo
|c DSZK
|e AACR2
|
| 041 |
0 |
|
|a hun
|
| 044 |
|
|
|a xo
|c SK
|
| 080 |
|
|
|a 796.386
|x (437.6)
|2 2011
|
| 100 |
1 |
|
|a Mészáros, Károly J.,
|d 1955-
|4 aut
|9 103301
|
| 245 |
1 |
0 |
|a Szuperligát nyert a hodosi bajnokcsapat
|c J. Mészáros Károly
|
| 300 |
|
|
|b Fotogr.
|
| 610 |
2 |
7 |
|a Stolnotenisový klub SK (Vydrany, Slovensko)
|2 dszk
|9 1086634
|
| 650 |
0 |
7 |
|a stolný tenis
|2 SNKPH
|9 25562
|
| 650 |
0 |
7 |
|a Superliga
|2 dszk
|9 872743
|
| 651 |
|
7 |
|a Vydrany (Slovensko)
|2 SNKPH
|9 69676
|
| 773 |
0 |
|
|t Új szó
|g Évf. 70, sz. 101 (2017.5.3), o. 19
|x 1335-7050
|
| 852 |
|
|
|a DSZK
|b KIS3GCP
|
| 958 |
|
|
|a HU
|
| 958 |
|
|
|a SK
|
| 999 |
|
|
|c 1789049
|d 1790979
|